[Event "Titled Tuesday intern op 04th Oct Early"]
[Site "Chess.com INT"]
[Date "2022.10.04"]
[Round "11"]
[White "Budrewicz, Krzysztof"]
[Black "Polok, Kacper"]
[Result "1-0"]
[WhiteElo "2184"]
[BlackElo "2264"]
[PlyCount "43"]
[EventDate "2022.10.04"]
[EventType "swiss (blitz)"]
[EventRounds "11"]
[EventCountry "USA"]
[SourceTitle "EXT 2023"]
[Source "ChessBase"]
[SourceDate "2022.10.05"]
[SourceVersion "1"]
[SourceVersionDate "2022.10.05"]
[SourceQuality "1"]

1. d4 e6 2. c4 f5 3. g3 Nf6 4. Bg2 d5 5. Nh3 c6 6. 0-0 Bd6 7. Nc3 0-0 8. Bf4 Be7 9. b3 Ne4 10. Qc2 Nd7 11. f3 Nxc3 12. Qxc3 g5 13. Bd2 Bf6 14. Nf2 e5 15. e3 exd4 16. exd4 c5 17. cxd5 Bxd4 18. Qc1 Bxa1 19. Qxa1 h6 20. h4 gxh4 21. Bxh6 hxg3 22. Qg7# 1-0

[Event "Titled Tuesday intern op 04th Oct Early"]
[Site "Chess.com INT"]
[Date "2022.10.04"]
[Round "5"]
[White "Kodinets, Konstantin L"]
[Black "Polok, Kacper"]
[Result "1-0"]
[WhiteElo "2409"]
[BlackElo "2264"]
[PlyCount "59"]
[EventDate "2022.10.04"]
[EventType "swiss (blitz)"]
[EventRounds "11"]
[EventCountry "USA"]
[SourceTitle "EXT 2023"]
[Source "ChessBase"]
[SourceDate "2022.10.05"]
[SourceVersion "1"]
[SourceVersionDate "2022.10.05"]
[SourceQuality "1"]

1. d4 e6 2. Nf3 f5 3. Bf4 Nf6 4. h3 Be7 5. e3 0-0 6. Be2 b6 7. 0-0 Bb7 8. c4 d6 9. Nc3 h6 10. b4 Nbd7 11. Qb3 Ne4 12. c5 Nxc3 13. Qxc3 Bxf3 14. Bxf3 d5 15. cxb6 cxb6 16. Rfc1 Rc8 17. Qb3 b5 18. a4 Nb6 19. axb5 Rxc1+ 20. Rxc1 Bd6 21. Bxd6 Qxd6 22. Rc6 Qd7 23. Qc2 Rc8 24. Qc5 Kf7 25. g4 g6 26. h4 Na4 27. Qc2 Nb6 28. h5 Nc4 29. hxg6+ Kxg6 30. Qxf5+ 1-0

[Event "Titled Tuesday intern op 04th Oct Early"]
[Site "Chess.com INT"]
[Date "2022.10.04"]
[Round "4"]
[White "Polok, Kacper"]
[Black "Nugumanov, Bakhtiyar"]
[Result "1-0"]
[WhiteElo "2264"]
[BlackElo "2354"]
[PlyCount "79"]
[EventDate "2022.10.04"]
[EventType "swiss (blitz)"]
[EventRounds "11"]
[EventCountry "USA"]
[SourceTitle "EXT 2023"]
[Source "ChessBase"]
[SourceDate "2022.10.05"]
[SourceVersion "1"]
[SourceVersionDate "2022.10.05"]
[SourceQuality "1"]

1. f4 d6 2. Nf3 g6 3. d4 Nd7 4. e3 Bg7 5. Be2 e5 6. 0-0 e4 7. Ne1 f5 8. c4 c6 9. Nc3 Ne7 10. b3 0-0 11. a4 d5 12. Ba3 Nf6 13. Rc1 Be6 14. Nc2 Qd7 15. Kh1 h6 16. Rg1 g5 17. g3 Rfd8 18. a5 b6 19. Na4 Qb7 20. Qd2 c5 21. dxc5 dxc4 22. Nd4 b5 23. Nb2 Nc6 24. bxc4 Nxd4 25. a6 Qc6 26. cxb5 Nxe2 27. Qxe2 Qc7 28. Nc4 Bxc4 29. Qxc4+ Kh7 30. Qe6 Rd5 31. b6 axb6 32. cxb6 Qd7 33. Qxd7 Nxd7 34. b7 Rxa6 35. Rc7 Rb6 36. g4 fxg4 37. Rxg4 Rd1+ 38. Rg1 Rxg1+ 39. Kxg1 Nb8 40. Bf8 1-0

[Event "Titled Tuesday intern op 04th Oct Early"]
[Site "Chess.com INT"]
[Date "2022.10.04"]
[Round "1"]
[White "Rostovtsev, Dmitry"]
[Black "Polok, Kacper"]
[Result "1-0"]
[WhiteElo "2329"]
[BlackElo "2264"]
[PlyCount "101"]
[EventDate "2022.10.04"]
[EventType "swiss (blitz)"]
[EventRounds "11"]
[EventCountry "USA"]
[SourceTitle "EXT 2023"]
[Source "ChessBase"]
[SourceDate "2022.10.05"]
[SourceVersion "1"]
[SourceVersionDate "2022.10.05"]
[SourceQuality "1"]

1. e4 c5 2. Nf3 Nc6 3. Bb5 d6 4. 0-0 Bd7 5. Re1 a6 6. Bf1 e5 7. c3 Be7 8. d4 Nf6 9. d5 Nb8 10. h3 0-0 11. a4 b6 12. Nbd2 h6 13. Nc4 Nh7 14. b4 cxb4 15. cxb4 b5 16. axb5 Bxb5 17. Be3 Nd7 18. Na5 Bxf1 19. Nc6 Qe8 20. Rxf1 Nb8 21. b5 Ng5 22. Nxg5 Bxg5 23. Bxg5 hxg5 24. Nxb8 Qxb8 25. bxa6 Ra7 26. Qd2 Qb5 27. Rfb1 Qc4 28. Qb4 Qxb4 29. Rxb4 Rfa8 30. Rb6 Rd8 31. Rb7 Raa8 32. a7 Kf8 33. Kh2 Ke8 34. Kg3 Rd7 35. Rb8+ Rd8 36. Rxa8 Rxa8 37. Kg4 f6 38. Ra6 Ke7 39. Kf3 Kd7 40. g3 g6 41. Kg4 Ke7 42. Kf3 Kd7 43. Ke3 Kc7 44. Kd3 Kd7 45. Kc4 f5 46. Kb5 Kc7 47. Rc6+ Kb7 48. Rb6+ Kc7 49. Ka6 fxe4 50. Rc6+ Kd7 51. Kb7 1-0

[Event "Split op 11th"]
[Site "Split"]
[Date "2022.07.22"]
[Round "7"]
[White "Van Dael, Siem"]
[Black "Polok, Kacper"]
[Result "1-0"]
[WhiteElo "2253"]
[BlackElo "2215"]
[PlyCount "81"]
[EventDate "2022.07.16"]
[EventType "swiss"]
[EventRounds "9"]
[EventCountry "CRO"]
[SourceTitle "CBM 209 Extra"]
[Source "ChessBase"]
[SourceDate "2022.09.30"]
[SourceVersion "1"]
[SourceVersionDate "2022.09.30"]
[SourceQuality "1"]

1. e4 e5 2. Nf3 Nf6 3. Nxe5 Nxe4 4. Qe2 Qe7 5. Qxe4 d6 6. d4 dxe5 7. dxe5 Nc6 8. Nc3 Qxe5 9. Qxe5+ Nxe5 10. Bf4 Bd6 11. Bg3 h5 12. 0-0-0 f6 13. Bb5+ Kf8 14. Ne4 Be7 15. Bxe5 fxe5 16. Bd7 Rh6 17. Bxc8 Rxc8 18. Rd5 Re6 19. Re1 b6 20. c4 Rd8 21. Red1 Rxd5 22. Rxd5 Bd6 23. h4 Ke7 24. Kd2 c6 25. Rxd6 Rxd6+ 26. Nxd6 Kxd6 27. Kd3 a5 28. f3 Ke7 29. c5 b5 30. Ke4 Kf6 31. g4 hxg4 32. fxg4 Ke6 33. h5 Kf6 34. g5+ Kxg5 35. Kxe5 Kxh5 36. Kd6 g5 37. Kxc6 g4 38. Kxb5 g3 39. c6 g2 40. c7 g1Q 41. c8Q 1-0

[Event "Zagnansk op"]
[Site "Zagnansk"]
[Date "2022.05.05"]
[Round "8"]
[White "Lewtak, Damian"]
[Black "Polok, Kacper"]
[Result "1-0"]
[WhiteElo "2386"]
[BlackElo "2212"]
[PlyCount "69"]
[EventDate "2022.04.29"]
[EventType "swiss"]
[EventRounds "9"]
[EventCountry "POL"]
[SourceTitle "CBM 208 Extra"]
[Source "ChessBase"]
[SourceDate "2022.07.31"]
[SourceVersion "1"]
[SourceVersionDate "2022.07.31"]
[SourceQuality "1"]

1. d4 Nf6 2. Bf4 g6 3. Nc3 d5 4. e3 Bg7 5. h4 c5 6. Nb5 Na6 7. Be2 h5 8. Nf3 0-0 9. c3 Bd7 10. a4 c4 11. Ne5 Nb8 12. g4 hxg4 13. Nxg4 Bxg4 14. Bxg4 Nxg4 15. Qxg4 Nd7 16. h5 a6 17. h6 axb5 18. hxg7 Kxg7 19. Bh6+ Kg8 20. Ke2 bxa4 21. Rag1 Ra6 22. Bxf8 Nxf8 23. Qh4 f5 24. Qh8+ Kf7 25. Rh7+ Ke6 26. Rxg6+ Kd7 27. Rxa6 Nxh7 28. Qxd8+ Kxd8 29. Rxa4 Ng5 30. Ra8+ Kd7 31. Rb8 Kc6 32. Rf8 e6 33. f3 b5 34. Kf2 Kd6 35. Kg3 1-0

[Event "PGNiG POL Cup"]
[Site "Elblag"]
[Date "2022.04.09"]
[Round "9"]
[White "Polok, Kacper"]
[Black "Kozak, Antoni"]
[Result "1-0"]
[WhiteElo "2212"]
[BlackElo "2458"]
[PlyCount "65"]
[EventDate "2022.04.09"]
[EventType "swiss (rapid)"]
[EventRounds "9"]
[EventCountry "POL"]
[SourceTitle "CBM 207 Extra"]
[Source "ChessBase"]
[SourceDate "2022.05.31"]
[SourceVersion "1"]
[SourceVersionDate "2022.05.31"]
[SourceQuality "1"]

1. e4 c6 2. Nc3 d5 3. Nf3 Bg4 4. h3 Bxf3 5. Qxf3 e6 6. d3 Nf6 7. g4 Bb4 8. Bd2 d4 9. Nb1 Qb6 10. Bg2 Bxd2+ 11. Nxd2 Qxb2 12. 0-0 0-0 13. Nc4 Qxc2 14. a4 Na6 15. Rfc1 Qb3 16. Rcb1 Qc3 17. Qd1 Nb4 18. Rb3 Rfd8 19. Rxc3 dxc3 20. Qb3 Nxd3 21. Qxc3 Nf4 22. Qe3 g5 23. Ne5 Rd4 24. h4 h6 25. hxg5 hxg5 26. Nf3 Rxe4 27. Qc5 N4d5 28. Rb1 Rxg4 29. Rxb7 Nf4 30. Qe7 N4h5 31. Qxf7+ Kh8 32. Ne5 Rg3 33. Ng6# 1-0

[Event "Titled Tuesday intern op 05th Apr Early"]
[Site "Chess.com INT"]
[Date "2022.04.05"]
[Round "2"]
[White "Decuigniere, Tom"]
[Black "Polok, Kacper"]
[Result "0-1"]
[WhiteElo "2371"]
[BlackElo "2212"]
[PlyCount "92"]
[EventDate "2022.04.05"]
[EventType "swiss (blitz)"]
[EventRounds "11"]
[EventCountry "USA"]
[SourceTitle "CBM 207 Extra"]
[Source "ChessBase"]
[SourceDate "2022.05.31"]
[SourceVersion "1"]
[SourceVersionDate "2022.05.31"]
[SourceQuality "1"]

1. d4 e6 2. Bf4 g5 3. Bg3 h5 4. h4 g4 5. Nd2 b6 6. e4 Bb7 7. Bd3 Ne7 8. Ne2 Ng6 9. Nf4 Nxf4 10. Bxf4 Bg7 11. c3 d6 12. Qe2 Nd7 13. Bg5 f6 14. Be3 Qe7 15. 0-0-0 0-0-0 16. f3 Rdg8 17. Rhf1 Bh6 18. f4 e5 19. fxe5 fxe5 20. g3 Rf8 21. Nc4 exd4 22. cxd4 Re8 23. d5 Ne5 24. Bxh6 Rxh6 25. Ne3 Nxd3+ 26. Qxd3 Qxe4 27. Qxe4 Rxe4 28. Rf8+ Kd7 29. Nf5 Rh7 30. Rd2 Ba6 31. Nd4 Rhe7 32. Ne6 Re8 33. Rf7+ Re7 34. Rf8 R7xe6 35. dxe6+ Kxe6 36. Rdf2 Bc4 37. b3 Bd5 38. Kd2 c5 39. R8f6+ Ke7 40. R6f5 Be6 41. Rxh5 d5 42. Rh7+ Kd6 43. Rxa7 d4 44. Rb7 Kc6 45. Re7 Kd6 46. Rg7 Re3 0-1

[Event "Titled Tuesday intern op 05th Apr Early"]
[Site "Chess.com INT"]
[Date "2022.04.05"]
[Round "8"]
[White "Polok, Kacper"]
[Black "De Souza, Cristiano Gomes"]
[Result "1-0"]
[WhiteElo "2212"]
[BlackElo "2018"]
[PlyCount "57"]
[EventDate "2022.04.05"]
[EventType "swiss (blitz)"]
[EventRounds "11"]
[EventCountry "USA"]
[SourceTitle "CBM 207 Extra"]
[Source "ChessBase"]
[SourceDate "2022.05.31"]
[SourceVersion "1"]
[SourceVersionDate "2022.05.31"]
[SourceQuality "1"]

1. f4 Nf6 2. Nf3 g6 3. e3 Bg7 4. d4 0-0 5. Bd3 d6 6. 0-0 Nbd7 7. f5 e5 8. dxe5 Nxe5 9. Nxe5 dxe5 10. fxg6 hxg6 11. Nc3 c6 12. Qf3 Nd5 13. Bd2 f5 14. e4 Nxc3 15. Bxc3 Be6 16. exf5 gxf5 17. Qe2 e4 18. Bc4 Qe7 19. Kh1 Rae8 20. Bxe6+ Qxe6 21. Bxg7 Kxg7 22. Rf4 Rf6 23. Raf1 Ref8 24. b3 Qd6 25. Qh5 Qe5 26. Rh4 Rg6 27. Qh7+ Kf6 28. Rhf4 Ke6 29. Qxg6+ 1-0

[Event "Titled Tuesday intern op 05th Apr Early"]
[Site "Chess.com INT"]
[Date "2022.04.05"]
[Round "11"]
[White "Prieto Aranguren, Alain"]
[Black "Polok, Kacper"]
[Result "1-0"]
[WhiteElo "2262"]
[BlackElo "2212"]
[PlyCount "113"]
[EventDate "2022.04.05"]
[EventType "swiss (blitz)"]
[EventRounds "11"]
[EventCountry "USA"]
[SourceTitle "CBM 207 Extra"]
[Source "ChessBase"]
[SourceDate "2022.05.31"]
[SourceVersion "1"]
[SourceVersionDate "2022.05.31"]
[SourceQuality "1"]

1. e4 c5 2. Nf3 Nc6 3. d4 cxd4 4. c3 d5 5. e5 Bg4 6. cxd4 e6 7. Nc3 Nge7 8. Be3 Nf5 9. Be2 Bxf3 10. Bxf3 Nh4 11. 0-0 Nxf3+ 12. Qxf3 Be7 13. Qg4 g6 14. f4 h5 15. Qe2 a6 16. h3 b5 17. a4 b4 18. Nb1 Qb6 19. Nd2 Nxd4 20. Qf2 Bc5 21. Rac1 Ne2+ 22. Qxe2 Bxe3+ 23. Kh1 Kd7 24. a5 Qa7 25. Rfe1 Bxd2 26. Qxd2 Qb7 27. Re4 Rab8 28. Rcc4 Rhc8 29. Rxb4 Qc6 30. Rxb8 Rxb8 31. Rb4 Rb5 32. Kh2 Rxa5 33. Rb8 Rb5 34. Rf8 Ke7 35. Rh8 Qc4 36. f5 Kd7 37. Qg5 Qc7 38. fxe6+ Kc6 39. exf7 Rxb2 40. Qf6+ Kb5 41. f8Q Re2 42. Qf4 a5 43. Q8f7 Qb6 44. Qe7 Re1 45. e6 Qg1+ 46. Kg3 Re3+ 47. Kh4 Qe1+ 48. Kg5 Re5+ 49. Kh6 g5 50. Qb7+ Kc5 51. Qf8+ Kd4 52. Qb6+ Ke4 53. e7 d4 54. e8Q Kd3 55. Qa3+ Kd2 56. Qbb2+ Kd1 57. Qaa1# 1-0

[Event "Titled Tuesday intern op 05th Apr Late"]
[Site "Chess.com INT"]
[Date "2022.04.05"]
[Round "1"]
[White "Rostovtsev, Dmitry"]
[Black "Polok, Kacper"]
[Result "1-0"]
[WhiteElo "2307"]
[BlackElo "2212"]
[PlyCount "49"]
[EventDate "2022.04.05"]
[EventType "swiss (blitz)"]
[EventRounds "11"]
[EventCountry "USA"]
[SourceTitle "CBM 207 Extra"]
[Source "ChessBase"]
[SourceDate "2022.05.31"]
[SourceVersion "1"]
[SourceVersionDate "2022.05.31"]
[SourceQuality "1"]

1. e4 c5 2. Nf3 Nc6 3. Bb5 d6 4. 0-0 Bd7 5. Re1 a6 6. Bf1 e5 7. c3 Nf6 8. h3 Be7 9. d4 0-0 10. d5 Nb8 11. a4 Ne8 12. Nbd2 g6 13. Nc4 Ng7 14. Bh6 f5 15. exf5 gxf5 16. Qd2 Rf6 17. Bg5 Rg6 18. Bxe7 Qxe7 19. Nfxe5 dxe5 20. Nxe5 Rd6 21. Nc4 Qf6 22. Nxd6 Qxd6 23. Qg5 Be8 24. Rxe8+ Kf7 25. Re3 1-0

[Event "CZE-chT2F 2122"]
[Site "Czech Republic"]
[Date "2021.10.17"]
[Round "1.2"]
[White "Trybus, Daniel"]
[Black "Polok, Kacper"]
[Result "1/2-1/2"]
[WhiteElo "1991"]
[BlackElo "2225"]
[PlyCount "103"]
[EventDate "2021.10.17"]
[EventType "team-tourn"]
[EventRounds "11"]
[EventCountry "CZE"]
[SourceTitle "EXT 2024"]
[Source "ChessBase"]
[SourceDate "2023.10.10"]
[SourceVersion "1"]
[SourceVersionDate "2023.10.10"]
[SourceQuality "1"]
[WhiteTeam "Karvina"]
[BlackTeam "Havirov Slovan"]
[WhiteTeamCountry "CZE"]
[BlackTeamCountry "CZE"]

1. e4 c5 2. Nf3 d6 3. d4 cxd4 4. Nxd4 Nf6 5. Nc3 e5 6. Bb5+ Nbd7 7. Nf5 a6 8. Bxd7+ Qxd7 9. 0-0 d5 10. Bg5 Nxe4 11. Nxe4 dxe4 12. Ng3 Qxd1 13. Raxd1 f6 14. Be3 Bg4 15. Rd2 Rd8 16. Rxd8+ Kxd8 17. Nxe4 Kc7 18. f3 Be6 19. a4 Be7 20. a5 Kc6 21. Re1 Rd8 22. f4 Bf5 23. Ng3 Bxc2 24. fxe5 fxe5 25. Bb6 Rd1 26. Rxd1 Bxd1 27. Nf5 Bc5+ 28. Bxc5 Kxc5 29. Nxg7 Kb5 30. Kf2 Kxa5 31. Ke1 Ba4 32. g4 Kb4 33. Kd2 Kb3 34. Kc1 Kc4 35. Kd2 Bd7 36. h3 Kd4 37. Nh5 Be8 38. Nf6 Bg6 39. h4 e4 40. h5 e3+ 41. Ke1 Bd3 42. g5 Ke5 43. Nxh7 Bxh7 44. g6 Bxg6 45. hxg6 Kf6 46. Ke2 Kxg6 47. Kxe3 Kf5 48. Kd4 Ke6 49. Kc5 Kd7 50. Kb6 Kc8 51. b4 Kb8 52. b5 1/2-1/2

[Event "Titled Tuesday intern op 14th Sept"]
[Site "Chess.com INT"]
[Date "2021.09.14"]
[Round "10"]
[White "Manukyan, Artyom"]
[Black "Polok, Kacper"]
[Result "1-0"]
[WhiteElo "2097"]
[BlackElo "2245"]
[PlyCount "107"]
[EventDate "2021.09.14"]
[EventType "swiss (blitz)"]
[EventRounds "11"]
[EventCountry "USA"]
[SourceTitle "EXT 2022"]
[Source "ChessBase"]
[SourceDate "2021.10.06"]
[SourceVersion "1"]
[SourceVersionDate "2021.10.06"]
[SourceQuality "1"]

1. d4 Nf6 2. Nf3 e6 3. Bf4 b6 4. e3 Bb7 5. Be2 Be7 6. 0-0 0-0 7. h3 c5 8. c3 Be4 9. Nbd2 d5 10. Ne5 Nfd7 11. Nxe4 dxe4 12. Qc2 f5 13. Bc4 Rf6 14. Qb3 Nf8 15. Rad1 Qc8 16. Bg5 Nc6 17. Bxf6 gxf6 18. Nxc6 Qxc6 19. d5 Qc7 20. d6 Bxd6 21. Bxe6+ Kg7 22. Bxf5 Ng6 23. Bxg6 hxg6 24. Qd5 Rd8 25. Qxe4 Rd7 26. Qf3 a5 27. Rd5 Re7 28. Rfd1 Be5 29. g3 a4 30. a3 b5 31. Kg2 b4 32. Qg4 bxc3 33. Rd7 Qc6+ 34. Kh2 Rf7 35. Rxf7+ Kxf7 36. bxc3 f5 37. Qc4+ Kg7 38. Qd5 Qf6 39. Qxc5 Bxc3 40. Rd7+ Kh6 41. Qe7 Qxe7 42. Rxe7 Bb2 43. Ra7 Bxa3 44. Rxa4 Bd6 45. Kg2 Kg5 46. Kf3 Bc5 47. h4+ Kh5 48. Ra6 Bb4 49. Kf4 Be1 50. f3 Bf2 51. e4 Bd4 52. exf5 gxf5 53. g4+ Kxh4 54. Rh6# 1-0